Quizzes
Events
Quiz Creation
Community
Videos
Private Events
Remove Ads
Sign In
Join for FREE
Feedback
Dark Mode
Quiz Categories
Sports
Geography
Music
Movies
Television
Just For Fun
Miscellaneous
History
Literature
Language
Science
Gaming
Entertainment
Religion
Holiday
For Kids
Quiz Lab
Recent
Popular Today
Quiz Kudos Today
Editor Picks
Curator Picks
Quizzes by...
Day
Popularity
Type
Ratings
Length
Year
Community
Subscriptions
Recent Discussions
Orange Saloon
Badges
Playlists
Quests
Create
Leaderboards
Showdown
Live 5
Trivia Bingo
Activity
Puzzle Library
Sporcle Events
Private Events
Virtual Trivia
Globe League
Become a Host
Pub Owners
SporcleCon
Opinionation
Our Games
Videos
Blog
Mobile Apps
Partnerships
Remove Ads and Go Orange
Feedback
Literature
Harry Potter
A Song of Ice and Fire
The Hunger Games
Literary Character
Shakespeare
Book
Author
Novel
Poem
Young Adult
Children's Books
Play
Lord of the Rings
Literature
Harry Potter
A Song of Ice and Fire
The Hunger Games
Literary Character
Shakespeare
Book
Author
Novel
Poem
Young Adult
Children's Books
Play
Lord of the Rings
Random Quiz
Search Sporcle
×
Quiz Lab
Quiz Lab
Literature
Lord of the Rings
Type in answers that appear in a list
Type in answers that appear in a list
Classic
Best Score? Go Orange.
The Silmarillion First 200 Words Stats
Can you name the first 200 words in the Silmarillion?
By
Lebasi
15m
200 Questions
2,084 Plays
2,084 Plays
2,084 Plays
Comments
Comments
Give Quiz Kudos
Give Quiz Kudos
-
- Ratings
hide this ad
More Info
Replay
Link that replays current quiz
Next Quiz
Link to next quiz in quiz playlist
You Got
0%
They Got
Avg Score
63%
Avg Friend Score
Upgrade to see
Score Distribution
Jump to the score distribution portion of the page
Score
0/200
Timer
15:00
0
Plays Today
Word
% Correct
the
98.8%
the
98.8%
the
98.8%
the
98.8%
the
98.8%
the
98.8%
the
98.8%
the
98.8%
the
98.8%
the
98.8%
the
98.8%
the
98.8%
a
98.6%
a
98.6%
a
98.6%
a
98.6%
I
97.3%
I
97.3%
in
91.7%
in
91.7%
in
91.7%
in
91.7%
was
91.3%
was
91.3%
was
91.3%
There
87.4%
he
86.8%
he
86.8%
he
86.8%
he
86.8%
he
86.8%
One,
86.3%
Eru,
84.7%
and
84.5%
and
84.5%
And
84.5%
and
84.5%
and
84.5%
and
84.5%
and
84.5%
and
84.5%
And
84.5%
and
84.5%
and
84.5%
and
84.5%
and
84.5%
and
84.5%
of
82.1%
of
82.1%
of
82.1%
of
82.1%
of
82.1%
of
82.1%
of
82.1%
'Of
82.1%
is
82%
to
81%
to
81%
to
81%
to
81%
to
81%
to
81%
to
81%
to
81%
who
79.5%
so
78.3%
they
76.3%
Word
% Correct
they
76.3%
they
76.3%
they
76.3%
they
76.3%
they
76.3%
they
76.3%
Ainur,
76.2%
music;
76.2%
Ainur
76.2%
Ainur,
76.2%
Music.
76.2%
Ilúvatar;
75%
Ilúvatar
75%
Ilúvatar
75%
Ilúvatar
75%
Ilúvatar
75%
made
74.7%
made.
74.7%
them,
73.5%
them
73.5%
them
73.5%
them
73.5%
them:
73.5%
first
72.6%
for
72.1%
for
72.1%
called
71.6%
called
71.6%
his
71.3%
were
70.8%
were
70.8%
were
70.8%
all
68.2%
him
67.5%
him,
67.5%
it
66.5%
Arda
66.4%
that
65.4%
that
65.4%
that
65.4%
that
65.4%
that
65.4%
that
65.4%
Great
65.2%
sang
64.5%
sang
64.5%
said
62.7%
Then
60.7%
thought,
60.3%
with
59.3%
before
56.7%
before
56.7%
before
56.7%
as
56.3%
from
56.1%
But
56%
but
56%
but
56%
you,
55.7%
beginning
54.8%
will
53.2%
together,
52.6%
together
52.6%
together
52.6%
have
52.1%
came,
51.8%
came
51.8%
Word
% Correct
came
51.8%
Ones,
51.3%
their
51.3%
spoke
50.8%
while
50.7%
while
50.7%
make
50.6%
or
50.5%
long
49.8%
had
49%
which
48.7%
mind
47.8%
only
47.4%
only
47.4%
glad.
46.6%
alone,
46.1%
theme,
46.1%
theme
46.1%
Holy
45.8%
harmony.
45.3%
harmony
45.3%
ye
43.8%
else
42.9%
ever
42.3%
offspring
41.2%
each
40.9%
each
40.9%
end
40.1%
than
38.6%
more
38.4%
few
38.2%
part
37.4%
aught
36.5%
its
34.8%
its
34.8%
pass
34.5%
now
34%
themes
34%
rest
33.3%
Yet
33.2%
yet
33.2%
listened
31.3%
things
30.1%
silent.
29.2%
understanding
28.6%
understanding,
28.6%
bowed
28.1%
mighty
28%
greater
27.5%
grew
27.3%
hearkened;
27.1%
propounding
26.8%
comprehended
25.3%
revealed;
25%
slowly.
24.8%
amazed
24.1%
brethren
23.2%
wonderful
22.1%
unison
22%
deeper
20.8%
glory
20.5%
splendour
20%
declared
19%
declared
19%
increased
17.9%
unfolding
13.6%
Quiz Playlist
Details
Report
Send in Message
Add To Playlist
More Info:
I did one of these for the Hobbit and one for LotR, so I did one for the Silmarillion too, even though it won't be that popular.
Classic:
Type in answers that appear in a list
Last Updated: Feb 16, 2017
Quiz Scoreboard
CHALLENGE
Sign Up to Join the Scoreboard
Show All
Scores
Hide
Comments
May contain spoilers
Recently Published
Billboard Blitz: Fleetwood Mac
by CooCooCachoo
Music
15s
Presidents Visiting Landmarks
by Hejman
History
7m
An Introduction to Baseball
by treessimontrees
Sports
5m
More to Explore
Quiz From the Vault
Featured Blog Post
Where Did the Easter Bunny Come From?
hide this ad
You Might Also Like...
Tags
Lord of the Rings Quiz
Today's Top Quizzes in Literature
Browse Literature
hide this ad
Today's Top Quizzes in Lord of the Rings
Browse Lord of the Rings
Top Contributed Quizzes in Literature
1
Sneaky Slytherin Logic Puzzle
2
Get The Picture: Black or White Literature
3
5-to-1: Plays
4
A Court of Thorns and Roses (ACoTaR) Logic Puzzle
5
One Thing in Common: Literature
6
One Thing in Common: Books
7
One Thing in Common: Literature 3
8
One Thing in Common: Literature II
9
Harry Potter Neighbourly Logic Puzzle #5
10
Harry Potter Neighbourly Logic Puzzle #6
Explore More
Trending Topics
Crossword
Harry Potter
Anime
Marvel
Kpop
Disney
NBA
Pokémon
Country
Soccer
Puzzle
Song
WWE
The Office
NFL
hide this ad
More By:
Lebasi
Quiz
Plays
Rating
Category
Featured
Created
The Fellowship of the Ring First 200 Words
23,904
4.54
Literature
May 2, 2011
The Hobbit First 200 Words
23,521
4.53
Literature
Jun 12, 2011
The Silmarillion First 200 Words
2,084
4.78
Literature
Jun 12, 2011
The Lion the Witch and the Wardrobe first 200 Words
940
4.80
Literature
Oct 30, 2011
Harry Potter First 100 Characters
626
3.75
Literature
Jun 12, 2011
Go to Creator's Profile
Score Distribution
Quiz Creator Spotlight
Lebasi
Follow
Send a Message
Quizzes Created
-
Created Quiz Play Count
-
More By This Creator
Popular Quizzes Today
1
Find the US States - No Outlines Minefield
2
Find the Countries of Europe - No Outlines Minefield
3
The Countries of the World
4
Find the US States
5
Popular People in 1961
6
US States
7
Risky Map Clicking: Biggest States A-Z
8
Movies - When Are They Set?
More Literature Quizzes
Hunger Games Trivia for Fanatics
Quiz Lab
Trending Quizzes
Risky Map Clicking: Least Populous States A-Z
1-10 Letter G Words
1-10 Letter F Words
Risky Map Clicking: Next State Alphabetically
Risky Map Clicking: Biggest States A-Z
Recently Updated
Leaping Animals
pecheneg
Reality TV Shows (A-Z)
bhenderson79
Rickey Henderson's Hall of Fame Teammates
pecheneg
Champions League XIs: Arsenal
pecheneg
Quick Pick: Celebrities in WWE's Hall of Fame
aduchscher
A-Z Keypad Blitz II
pecheneg
Multiple Oscar Actors
pecheneg
Mystery Phrase Blitz: Oscar 'Best Actors'
pecheneg
F. Scott Fitzgerald Novels
LTH
Pick 3 Villains
ddd62291
Trending Topics
NBA
Crossword
Disney
Anime
Marvel
Harry Potter
Kpop
Country
The Office
WWE
Song
Pokémon
Puzzle
Soccer
NFL
Your Account Isn't Verified!
In order to create a playlist on Sporcle, you need to verify the email address you used during registration. Go to your
Sporcle Settings
to finish the process.
Report this User
Report this user for behavior that violates our
Community Guidelines
.
Details:
Send Report
Go to the Sporcle.com Mobile Site →
Comments